Back to the Future Characters - Picture Click Quiz - Statistics

General Stats
  • This quiz has been taken 1,490 times
  • The average score is 13 of 16
Answer Stats
Hint Extra Hint Answer % Correct
Emmett "Doc" Brown Click on the correct character
98%
Marty McFly Click on the correct character
97%
Lorraine Baines-McFly Click on the correct character
92%
Einstein Click on the correct character
91%
George McFly Click on the correct character
91%
Jennifer Parker Click on the correct character
86%
Buford "Mad Dog" Tannen Click on the correct character
78%
Clara Clayton Click on the correct character
75%
Seamus McFly Click on the correct character
74%
Linda McFly Click on the correct character
74%
Griff Tannen Click on the correct character
72%
Gerald Strickland Click on the correct character
71%
Dave McFly Click on the correct character
67%
Biff Tannen Click on the correct character
64%
Goldie Wilson Click on the correct character
63%
Douglas J. Needles Click on the correct character
60%
No matching quizzes found
Score Distribution
Percent of People with Each Score
Percentile by Number Answered
Your Score History
You have not taken this quiz